[Event "Cologne Ford op"]
[Site "Cologne"]
[Date "2010.04.19"]
[Round "1"]
[White "Kuehnast, Volker"]
[Black "Malinowski, Tim"]
[Result "1-0"]
[WhiteElo "1847"]
[BlackElo "1285"]
[PlyCount "75"]
[EventDate "2010.04.19"]
[EventType "swiss"]
[EventRounds "7"]
[EventCountry "GER"]
[SourceTitle "EXT 2011"]
[Source "ChessBase"]
[SourceDate "2010.11.26"]
[SourceVersion "1"]
[SourceVersionDate "2010.11.26"]
[SourceQuality "1"]

1. e4 c5 2. Nf3 a6 3. a4 Nc6 4. d3 d6 5. g3 e5 6. Bg2 Be7 7. Nbd2 f5 8. exf5 Bxf5 9. 0-0 Nf6 10. Nc4 0-0 11. c3 b5 12. Ne3 Bd7 13. Ng5 Rc8 14. axb5 axb5 15. Qb3+ Kh8 16. Nf7+ Rxf7 17. Qxf7 Be8 18. Qb3 c4 19. dxc4 bxc4 20. Qd1 Bf7 21. Nd5 Bh5 22. Qa4 Nb8 23. Be3 Nbd7 24. Qa5 Nxd5 25. Qxd8+ Bxd8 26. Bxd5 Nf6 27. Be6 Rb8 28. Bxc4 Bb6 29. Bxb6 Rxb6 30. Ra8+ Ne8 31. Be6 Rb7 32. g4 Bg6 33. f4 exf4 34. Rxf4 h6 35. Rf8+ Kh7 36. Bg8+ Kh8 37. Bd5+ Kh7 38. Bxb7 1-0